00660nam a22002174a 4500008004100000020002100041100002800062245007000090246003200160250001200192260004100204300003900245504004100284500002000325650002700345650002200372650002100394003000100415005001700416040000900433  a0323028039 (set)1 aHagen-Ansert, Sandra L.10aTextbook of diagnostic ultrasonography /cSandra L. Hagen-Ansert.30aDiagnostic ultrasonography. a6th ed. aSt. Louis :bMosby Elsevier,cc2006. a2 v. :bill. (some col.) ;c29 cm. aIncludes bibliographical references. aIncludes index. 0aDiagnosis, Ultrasonic. 0aEchocardiography.12aUltrasonography.20230120193604.0 cNUST